| 000 | 01853nam a2200397Ia 4500 | ||
|---|---|---|---|
| 001 | vtls003208855 | ||
| 003 | MY-SjTCS | ||
| 005 | 20200306171257.0 | ||
| 006 | m u | ||
| 007 | cr cn||||||||| | ||
| 008 | 100906s2008 enka sb 101 0 eng d | ||
| 010 | _z 2008-399093 | ||
| 020 | _z1848161085 | ||
| 020 | _z9781848161085 | ||
| 035 | _a(CaPaEBR)ebr10255507 | ||
| 039 | 9 |
_y201009061458 _zVLOAD |
|
| 040 |
_aCaPaEBR _cCaPaEBR |
||
| 050 | 1 | 4 |
_aQH324.2 _b.A85 2008eb |
| 111 | 2 |
_aAsia-Pacific Bioinformatics Conference _n(6th : _d2008 : _cKyoto, Japan) _9300695 |
|
| 245 | 1 | 0 |
_aProceedings of the 6th Asia-Pacific Bioinformatics Conference _h[electronic resource] : _bKyoto, Japan, 14-17 January 2008 / _ceditors, Alvis Brazma, Satoru Miyano, Tatsuya Akutsu. |
| 246 | 3 | _aProceedings of the Sixth Asia-Pacific Bioinformatics Conference | |
| 260 |
_aLondon : _bImperial College Press ; _aHackensack, NJ : _bDistributed by World Scientific Pub., _cc2008. |
||
| 300 |
_axv, 394 p. : _bill. |
||
| 490 | 0 |
_aSeries on advances in bioinformatics and computational biology, _x1751-6404 ; _vv. 6 |
|
| 504 | _aIncludes bibliographical references and index. | ||
| 529 | _aTSLHHL | ||
| 533 |
_aElectronic reproduction. _bPalo Alto, Calif. : _cebrary, _d2009. _nAvailable via World Wide Web. _nAccess may be limited to ebrary affiliated libraries. |
||
| 650 | 0 |
_aBioinformatics _vCongresses. _9300696 |
|
| 650 | 0 |
_aBiology _xData processing _vCongresses. _9300697 |
|
| 655 | 7 |
_aElectronic books. _2local _9201578 |
|
| 700 | 1 |
_aAkutsu, Tatsuya, _d1962- _9300698 |
|
| 700 | 1 |
_aBrazma, Alvis. _9300699 |
|
| 700 | 1 |
_aMiyano, Satoru. _9300700 |
|
| 710 | 2 |
_aebrary, Inc. _925628 |
|
| 856 | 4 | 0 |
_uhttps://ezproxy.taylors.edu.my/login?url=http://site.ebrary.com/lib/taylorscollege/Doc?id=10255507 _zAn electronic book accessible through the World Wide Web; click to view |
| 999 | _c68111 | ||